000 00375nam a22001697a 4500
005 20160627105449.0
008 160627b xxu||||| |||| 00| 0 eng d
020 _a978-0-099-51387-2
041 _aeng
082 _b10412
100 _aWod house, P.G.
_92870
245 _aThe Heart of Goof
260 _bRupa
300 _a248
650 _aManagement
_9241
942 _cBK
999 _c4161
_d4160